Cricket: Fastest Individual ODI Hundreds - Statistics

General Stats
  • This quiz has been taken 56 times
    44 since last reset
  • The average score is 17 of 25
Answer Stats
For Against Year Final Score Balls for 100 Answer % Correct
SA WI 2015 149 (44) 31 AB de Villiers
97%
SA WI 2015 162* (66) 52 AB de Villiers
97%
SA IND 2015 119 (61) 57 AB de Villiers
97%
SA IND 2010 102* (59) 58 AB de Villiers
97%
WI ENG 2019 162 (97) 55 Chris Gayle
89%
ENG PAK 2015 116* (52) 46 Jos Buttler
87%
ENG PAK 2019 110* (55) 50 Jos Buttler
87%
PAK SL 1996 102 (40) 37 Shahid Afridi
76%
PAK IND 2005 102 (46) 45 Shahid Afridi
76%
PAK BAN 2010 124 (60) 53 Shahid Afridi
76%
IND AUS 2013 100* (52) 52 Virat Kohli
76%
ENG AFG 2019 148 (71) 57 Eoin Morgan
74%
SL PAK 1996 134 (65) 48 Sanath Jayasuriya
74%
SL BAN 2008 130 (88) 55 Sanath Jayasuriya
74%
AUS SL 2015 102 (53) 51 Glenn Maxwell
71%
ENG SCO 2018 105 (59) 54 Jonny Bairstow
71%
ENG NZ 2018 104 (60) 58 Jonny Bairstow
71%
NZ WI 2014 131* (47) 36 Corey Anderson
61%
IRE ENG 2011 113 (63) 50 Kevin O'Brien
61%
WI BAN 1999 117 (62) 45 Brian Lara
58%
AUS IND 2013 116 (73) 57 James Faulkner
39%
ENG WI 2017 102 (57) 53 Moeen Ali
39%
SL NZ 2019 140 (74) 57 Thisara Perera
39%
SA ZIM 2006 147* (68) 44 Mark Boucher
29%
NZ WI 2014 104 (51) 46 Jesse Ryder
26%
No matching quizzes found
Score Distribution
Percent of People with Each Score
Percentile by Number Answered
Your Score History
You have not taken this quiz since the last reset